|
|
|
|
| LEADER |
00000nab a2200000 a 4500 |
| 001 |
vtls000716215 |
| 003 |
SK-MaSNL |
| 005 |
20260304113537.0 |
| 008 |
250429c19992000xo 0 slo |
| 015 |
|
|
|a SNBRB2000/03-08730
|
| 035 |
|
|
|a CLN000068382
|
| 035 |
|
|
|a urn:nbn:sk:snk-abbt55
|
| 035 |
|
|
|a (urnnbn)urn:nbn:sk:snk:ar-002mr3
|
| 035 |
|
|
|a (uuid)bd242d32-5796-4045-9975-3ece5978ab15
|
| 040 |
|
|
|a SNKBUCL
|b slo
|c SNKBUCL
|e AACR2
|
| 041 |
0 |
|
|a slo
|
| 044 |
|
|
|a xo
|c SK
|
| 080 |
|
|
|a 37.014.53:373.2
|2 1997
|
| 080 |
|
|
|a 373.21:37.014.53
|2 1997
|
| 100 |
1 |
|
|a Kosová, Beata,
|d 1957-
|4 aut
|9 104235
|
| 245 |
1 |
0 |
|a Koncepčné otázky humanizácie výchovy detí predškolského veku
|c Beata Kosová
|
| 504 |
|
|
|a Bibliogr. odkazy
|
| 650 |
0 |
7 |
|a predškolská výchova
|2 snkbucl
|9 3959
|
| 650 |
0 |
7 |
|a humanizácia výchovy
|2 snkbucl
|9 1095392
|
| 655 |
|
7 |
|a články z novín a časopisov
|2 snkbucl
|9 267496
|
| 773 |
0 |
|
|t Predškolská výchova
|g Roč. 54, č. 3 (1999/2000), s. 1-6
|
| 850 |
|
|
|a Slovenská národná knižnica
|
| 852 |
|
|
|a Slovenská národná knižnica
|
| 954 |
|
|
|a odborná, vedecká literatúra pôvodná (slovenská)
|2 lita
|
| 958 |
|
|
|a article15
|
| 958 |
|
|
|a SK
|
| 958 |
|
|
|a OND
|
| 958 |
|
|
|a EUIPO
|
| 992 |
|
|
|a RBX
|
| 999 |
|
|
|c 2869885
|d 2871815
|